000 00475nam a22001577a 4500
005 20251108171825.0
008 250721s9999 xx 000 0 ara d
082 1 4 _aط/637.1/حلي
245 1 0 _aالحليب /
264 1 _aدمشق :
_bدار المؤيد،
300 _a40ص
490 0 _aالموسوعة العربية المبسطة للمعارف و العلوم : البطريق يتحدث عن
650 1 7 _aالحليب
942 _2ddc
_cBK
999 _c63523
_d63523